Les mots de la langue française ayant plusieurs sens - Statistiques

Statistiques générales
  • Ce quiz a été pris 288 fois
  • Le résultat moyen est 9 sur 15
Statistiques - réponses
Définitions Mot % Correct
céréale-argent (en argot) blé
98%
couleur-hématome bleu
93%
verre-sorbet-eau congelée glace
83%
note de musique-terre sol
83%
couleur - silence blanc
74%
vent-baiser bise
68%
ensemble de chanteurs-partie d'une église choeur
65%
partie d'une église-ancien bateau nef
62%
engin de levage-oiseau grue
54%
animal-périphérique d'ordinateur-jeune fille souris
52%
animal-fausse note-journal canard
48%
animal-masque loup
46%
régime-ancienne assemblée politique diète
19%
militaire-saucisse sèche gendarme
11%
total d'un compte-élément vertical de renfort montant
0%
Aucun quiz correspondant
Distribution des résultats
% des personnes avec chaque résultat
Percentile par nombre de réponses
Votre historique - résultats
Vous n’avez pas pris ce quiz